| 000 | 00374nam a2200145Ia 4500 | ||
|---|---|---|---|
| 008 | 220530s9999 xx 000 0 und d | ||
| 020 | _a81-219-1943-6 | ||
| 041 | _aeng | ||
| 082 |
_a824 _bMAH |
||
| 100 |
_aMahajan H C _954361 |
||
| 245 |
_aModern Essays _bOn all debatable issues |
||
| 260 |
_aNew Delhi _bS Chand _c2008 |
||
| 300 |
_aIto VI,1to234 _bPB |
||
| 906 |
_a43.75 _bGB |
||
| 999 |
_c49706 _d49706 |
||